| 000 | 00340nam a2200109Ia 4500 | ||
|---|---|---|---|
| 008 | 171211s9999 xx 000 0 und d | ||
| 245 | 4 | _aThe Encyclopedia of Country Living, 40th Anniversary Edition | |
| 245 | _cCarla Emery | ||
| 260 | _c2012 | ||
| 650 | _xEncyclopedia and Dictionary | ||
| 856 | _uhttp://down.ebook777.com/064/1570618402.pdf | ||
| 999 |
_c350144 _d350144 |
||